Handbook of biochemistry and molecular biology : physical and chemical data Volume I (Record no. 30674)

MARC details
000 -LEADER
fixed length control field 00625nam a2200181Ia 4500
020 ## - INTERNATIONAL STANDARD BOOK NUMBER
ISBN 0878195092
050 ## - CALL MARK
Classification number QH 345 .H347/
245 #0 - TITLE STATEMENT
Title Handbook of biochemistry and molecular biology : physical and chemical data Volume I
250 ## - EDITION / VOLUME STATEMENT
Edition / Volume statement 3rd ed.
260 ## - PUBLICATION, DISTRIBUTION, ETC. (IMPRINT)
Place of publication Cleveland
260 ## - PUBLICATION, DISTRIBUTION, ETC. (IMPRINT)
Name of publisher CRC Press
260 ## - PUBLICATION, DISTRIBUTION, ETC. (IMPRINT)
Year of publication c1975
300 ## - PHYSICAL DESCRIPTION
Number of Pages 552 p
650 ## - SUBJECT ADDED ENTRY--TOPICAL TERM
Topical Term Biochemistry_Handbooks, manuals, etc. Molecular biology_Handbooks, manuals, etc. Nucleic Acids_Tables. Alkaloids_Tables. Carbohydrates_Tables. Lipids_Tables. Steroids_Tables.
942 ## - ADDED ENTRY ELEMENTS (KOHA)
Koha item type Books
Holdings
Withdrawn status Lost status Source of classification or shelving scheme Damaged status Not for loan Permanent Location Current Location Date acquired Accession Number Price effective from Koha item type
    Library of Congress Classification     NILE UNIVERSITY OF NIGERIA - MAIN LIBRARY NILE UNIVERSITY OF NIGERIA - MAIN LIBRARY 04/23/2025 0000751 04/23/2025 Books